| 000 | 00717nam a22002537a 4500 | ||
|---|---|---|---|
| 001 | BR4500112 | ||
| 003 | BR-BrBNA | ||
| 005 | 20230928082927.0 | ||
| 007 | ta | ||
| 008 | 230509b bl.||||| |||| 00| 0 por d | ||
| 040 |
_aBR-BrBNA _bpor _cBiblioteca Nacional de Agricultura |
||
| 041 | _a(Por) | ||
| 072 |
_aE10 _b/G514 |
||
| 090 | _ E10 BR4500112 | ||
| 100 | 1 | _aEricksen, N. | |
| 245 | 1 | _aSintese da evolucao economica do Parana [Brasil] | |
| 260 | 3 |
_aCuritiba, PR (Brasil): _c1945. |
|
| 300 | _a35 p. | ||
| 500 | _a(*) Documento disponível no(a) Biblioteca Publica do Parana, Curitiba (Brazil) | ||
| 650 | _aANALISE ECONOMICA | ||
| 650 | _aPARANA | ||
| 909 |
_a202309 _bLucia _c55 _dLucia Elande |
||
| 942 | _cBK | ||
| 999 |
_c10656 _d10656 |
||